00985 a2200193 4500001000700000040002200007041001600029082002200045245005200067250000800119260003200127300000800159362001300167500042600180697005800606942000700664952010100671999001900772141703 cLeonardo Da Vinci aPortuguês ar036.9 E46ebE46e aENCICLOPÉDIA Delta JúniorbNewton a Picasso av.9 bDeltac1964aRio de Janeiro a155 a19640000 aObra em 12 volumesaConteúdo: v.1. AB-AR (abacate-árvore); v.2. AR-BR(árvores-braque); v.3. BR-CI (Brasil-cirurgia); v.4. CL-EL (clima-eletrônica); v.5. EL-FO (elevador-formiga); v.6. FO-IL (forrageiras-iluminação); v.7. IL-MA (iluminura-maçãs); v.8. MA-NE (macedo-nevoeiro); v.9. NE-PI (Newton- Picasso); v.10. PI-RI (pigmeus-rios); v.11. RO-TE (Robin Hood- Térmites); v.12. TE-ZW (termômetros-zweig) aReferênciaaEnciclopédiaaBiografiaaCuriosidades cBK 00104070a71.1b71.1d2024-03-27l0or036.9 E46epO000907r2024-03-27 22:46:21w2024-03-27yBK c141703d141703